Statistics for Three Biggest Cities in Each Region of France on a Map

Click here to take the quiz!

General Stats

  • This quiz has been taken 296 times
  • The average score is 33 of 54

Answers on the Map

Answers color-coded by a green-red scale on the quiz's map according to % correct below.
 

Answer Stats

Region RankPopulationCity% Correct
12,175,601Paris
99%
1257,068Bordeaux
98%
1518,635Lyon
98%
1868,277Marseille
98%
2341,032Nice
98%
1486,828Toulouse
98%
1233,098Lille
96%
1314,138Nantes
96%
1284,677Strasbourg
96%
2290,053Montpellier
92%
1217,728Rennes
89%
2139,602Brest
88%
170,817Ajaccio
87%
1169,733Le Havre
87%
1156,854Dijon
84%
3157,650Grenoble
84%
2182,211Reims
81%
163,652Cayenne
80%
2116,238Orléans
79%
3176,198Toulon
79%
3116,581Metz
78%
2111,360Rouen
78%
1136,463Tours
77%
3105,512Caen
76%
2173,089Saint-Étienne
76%
3112,091Saint-Denis
75%
1150,535Saint-Denis
75%
2133,891Amiens
69%
3143,252Le Mans
67%
2154,508Angers
66%
2131,479Limoges
65%
3149,633Nîmes
65%
248,044Bastia
56%
363,166Quimper
55%
2116,775Besançon
54%
388,665Poitiers
54%
178,126Fort-de-France
48%
398,089Roubaix
45%
364,668Bourges
40%
384,961Saint-Pierre
38%
2103,492Saint-Paul
34%
2121,334Boulogne-Billancourt
33%
346,954Belfort
31%
311,748Porto-Vecchio
26%
153,082Les Abymes
21%
245,576Saint-Laurent-du-Maroni
16%
240,581Le Lamentin
12%
326,692Le Gosier
11%
231,193Baie-Mahault
10%
322,429Le Robert
10%
332,942Matoury
10%
217,060Kawéni
7%
117,739Labattoir
7%
315,880Mtsapéré
7%

Score Distribution

Percentile by Number Answered

Percent of People with Each Score

Your Score History

You have not taken this quiz